Novelizácia zákona č. 381/2001 Z.z.
21.3.2003 nadobudla účinnosť novelizácia zákona č. 381/2001 o povinnom zmluvnom poistení zodpovednosti za škodu spôsobenú prevádzkou motorového vozidla.
Gespeichert in:
| 1. Verfasser: | |
|---|---|
| Format: | Buchkapitel |
| Sprache: | Slowakisch |
| Schlagworte: | |
| Tags: |
Keine Tags, Fügen Sie das erste Tag hinzu!
|
MARC
| LEADER | 00000naa a2200000 4500 | ||
|---|---|---|---|
| 001 | r048574 | ||
| 005 | 20230918115131.4 | ||
| 041 | 0 | |a slo | |
| 044 | |a SK | ||
| 245 | 1 | 0 | |a Novelizácia zákona č. 381/2001 Z.z. |c Martin Fučík |
| 520 | |a 21.3.2003 nadobudla účinnosť novelizácia zákona č. 381/2001 o povinnom zmluvnom poistení zodpovednosti za škodu spôsobenú prevádzkou motorového vozidla. | ||
| 610 | 2 | 0 | |a automobily |
| 610 | 2 | 0 | |a poistenie zmluvné |
| 610 | 2 | 0 | |a poistenie zodpovednosti za škody |
| 610 | 2 | 0 | |a zákony |
| 610 | 2 | 0 | |a novelizácia |
| 610 | 2 | 0 | |a 2003 |
| 100 | 1 | |a Fučík, Martin | |